000 00766cam a2200193 i 4500
005 20251117094228.0
008 250721s2000 le gr 000 0 ara d
082 1 4 _a210.4
_bس ب ا
100 1 _aالسباعي، مصطفى.
_eمؤلف.
245 1 2 _aالآمر و آمال :
_bسلسلة مقالات نشرت في مجلة الفتح القاهرية /
_cالدكتور مصطفى السباعي.
250 _aالطبعة الاولى.
264 3 1 _aبيروت :
_bدار الوراق للنشر والتوزيع،
_c2000.
300 _a212 صفحة.
490 0 _aسلسلة مقالات نشرت في مجلة الفتح القاهرية.
650 1 7 _aالإسلام.
650 1 7 _aالمقالات.
942 _2ddc
_cBK
999 _c2020
_d2020